000
00341 a2200157 4500
001
180969
020
_a
040
_c
Magnum
100
_a
-
240
1
0
_a
A salvacao tem uma historia/6 serie
_l
por
245
1
0
_a
A salvacao tem uma historia/6 serie
362
0
_a
1899
440
1
_a
Loyola
697
_a
MAGNITO: RELIGIAO
942
_c
BK
999
_c
180969
_d
180969